000 00560nam a2200217Ia 4500
003 OSt
005 20220928140729.0
006 a|||||r|||| 00| 0
007 ta
008 220927b |||||||| |||| 00| 0 eng d
024 _a11404
037 _cTextual
040 _aSDCL
_cSDCL
_beng
041 _2eng
_aeng
082 _aO-,3M82,2:g, L6
100 _aFrench Marilyn
_9497309
245 0 _aBook as world
_bJames Joyce's Ulysses.
260 _c1976
942 _hO-,3M82,2:g, L6
_cTEXL
_2CC
999 _c813834
_d813834